[Event "Konnerud Tempo høstturnering 2022"]
[Site "Malmveien 15"]
[Date "2022.08.17"]
[Round "5"]
[White "Sørjordet, Anders"]
[Black "Ivanov, Dmitry N"]
[Result "0-1"]
[WhiteElo "1718"]
[BlackElo "2138"]
[PlyCount "96"]
[EventDate "2022.??.??"]

1. d4 d5 2. Nf3 Nc6 3. c4 Bg4 4. e3 e5 5. dxe5 d4 6. exd4 Bxf3 7. Qxf3 Qxd4 8.
Be2 O-O-O 9. O-O Nxe5 10. Qh3+ Qd7 11. Qe3 Nc6 12. Bf3 Nd4 13. Qe4 c6 14. Be3
f5 15. Qxd4 Qxd4 16. Bxd4 Rxd4 17. b3 Nf6 18. Nc3 Rd3 19. Ne2 g5 20. Nc1 Rd2
21. Rd1 Rxd1+ 22. Bxd1 Bg7 23. Nd3 Ne4 24. Rc1 Rd8 25. Be2 Nc3 26. Kf1 Nxa2 27.
Rc2 Nc3 28. Nc5 Rd6 29. h3 b6 30. Nd3 Kc7 31. Nb4 a5 32. Nd3 Rd8 33. g3 h6 34.
f4 Ra8 35. Bf3 a4 36. bxa4 Rxa4 37. c5 b5 38. Ne5 Bxe5 39. fxe5 Rc4 40. Rd2
Rxc5 41. Rd6 Ne4 42. Rxh6 Nd2+ 43. Kf2 Nxf3 44. Kxf3 Rxe5 45. h4 gxh4 46. gxh4
b4 47. h5 b3 48. Rh7+ Kb6
0-1

[Event "Konnerud Tempo høstturnering 2022"]
[Site "Malmveien 15"]
[Date "2022.08.17"]
[Round "5"]
[White "Kierulf, Villum Brevick"]
[Black "Eriksen, Dag"]
[Result "1-0"]
[WhiteElo "1631"]
[BlackElo "1626"]
[PlyCount "207"]
[EventDate "2022.??.??"]

1. c4 Nf6 2. Nc3 e5 3. Nf3 Nc6 4. g3 g6 5. Bg2 Bg7 6. O-O O-O 7. Rb1 a5 8. a3
d6 9. b4 axb4 10. axb4 Be6 11. d3 Qc8 12. b5 Ne7 13. Bg5 Bh3 14. Qd2 Bxg2 15.
Kxg2 Nf5 16. Bxf6 Bxf6 17. Nd5 Bd8 18. h4 c6 19. Nc3 Ba5 20. Qc1 Bxc3 21. Qxc3
c5 22. h5 Nd4 23. hxg6 fxg6 24. Nxd4 cxd4 25. Qb2 b6 26. Ra1 Qb7+ 27. Kg1 Rxa1
28. Rxa1 Qf7 29. f3 d5 30. cxd5 Qxd5 31. Qa2 Rd8 32. Qc4 Qxc4 33. dxc4 d3 34.
exd3 Rxd3 35. Ra6 Rc3 36. Rxb6 Rxc4 37. Rc6 Rb4 38. b6 Kf8 39. Kf2 Ke7 40. Ke3
Kd7 41. Rc7+ Kd6 42. Rxh7 Rxb6 43. Rg7 Kd5 44. Rd7+ Ke6 45. Rd8 Rb3+ 46. Rd3
Rb4 47. Ra3 Rb6 48. Ra4 Kf5 49. g4+ Kf6 50. Ke4 Rb5 51. Ra6+ Kf7 52. g5 Rc5 53.
Rf6+ Kg7 54. Re6 Rc4+ 55. Kxe5 Rc5+ 56. Kf4 Rf5+ 57. Kg4 Kf7 58. Ra6 Kg7 59. f4
Rb5 60. Ra7+ Kg8 61. Rd7 Rb3 62. Ra7 Kf8 63. Ra6 Kf7 64. Rf6+ Kg7 65. Re6 Kf7
66. Re4 Rb5 67. Rc4 Ra5 68. Kf3 Ra1 69. Rc7+ Ke6 70. Rc6+ Kf7 71. Rc7+ Kg8 72.
Ke4 Re1+ 73. Kd5 Kf8 74. Rc6 Kg7 75. Rc7+ Kf8 76. Rd7 Kg8 77. Rd6 Kg7 78. Rf6
Re2 79. Kd6 Re1 80. Re6 Rf1 81. Re4 Ra1 82. Re7+ Kf8 83. Rd7 Re1 84. Rc7 Re4
85. f5 gxf5 86. Kd5 Rg4 87. Ke5 Re4+ 88. Kxf5 Ra4 89. Kg6 Ra6+ 90. Kh7 Ra5 91.
Rc8+ Ke7 92. g6 Rh5+ 93. Kg7 Rg5 94. Rc4 Rg1 95. Re4+ Kd6 96. Kf7 Rf1+ 97. Kg8
Rg1 98. g7 Rg2 99. Kh7 Rh2+ 100. Kg6 Rg2+ 101. Kh6 Kd5 102. Re8 Rh2+ 103. Kg6
Rg2+ 104. Kf7
1-0

[Event "Konnerud Tempo høstturnering 2022"]
[Site "Malmveien 15"]
[Date "2022.08.17"]
[Round "5"]
[White "Lundstad, Andreas"]
[Black "Aure, Anders Nilsson"]
[Result "0-1"]
[WhiteElo "1596"]
[BlackElo "1802"]
[PlyCount "86"]
[EventDate "2022.??.??"]

1. e4 c5 2. c4 Nf6 3. e5 Ng8 4. Nc3 Nc6 5. f4 d6 6. Nf3 g6 7. d4 cxd4 8. Nxd4
dxe5 9. Nxc6 Qxd1+ 10. Nxd1 bxc6 11. fxe5 Bg7 12. Bf4 Nh6 13. h3 Nf5 14. Nf2
O-O 15. O-O-O Be6 16. g4 Nh6 17. b3 a5 18. Ne4 a4 19. Bd3 axb3 20. axb3 Rfb8
21. Kc2 Ra2+ 22. Kc3 Rba8 23. Bc2 R2a5 24. Rd4 Rxe5 25. Rhd1 Rf8 26. Ng5 Rxg5
27. Bxg5 c5 28. Bxe7 Bxd4+ 29. Rxd4 cxd4+ 30. Kxd4 Re8 31. Bd6 f5 32. Bf4 Nf7
33. g5 Rd8+ 34. Kc5 Kf8 35. Kc6 Rd4 36. Bg3 f4 37. Bf2 Ne5+ 38. Kc5 Rd2 39. Bd4
Nd7+ 40. Kd6 Rxd4+ 41. Kxe6 f3 42. Be4 Nc5+ 43. Ke5 Rxe4+
0-1

[Event "Konnerud Tempo høstturnering 2022"]
[Site "Malmveien 15"]
[Date "2022.08.17"]
[Round "5"]
[White "Lurdalen, Svein Erik"]
[Black "Simula, Leon"]
[Result "0-1"]
[WhiteElo "1781"]
[BlackElo "2140"]
[PlyCount "56"]
[EventDate "2022.??.??"]

1. e4 c5 2. Nc3 Nc6 3. g3 Nf6 4. Bg2 e6 5. f4 d5 6. e5 Nd7 7. Nf3 Be7 8. d3 O-O
9. O-O Rb8 10. Ne2 d4 11. g4 b5 12. g5 Bb7 13. Ng3 c4 14. h4 Nc5 15. a3 g6 16.
h5 a5 17. Nh2 b4 18. Ng4 b3 19. Ne4 bxc2 20. Qxc2 cxd3 21. Qd2 Kg7 22. Nxc5
Bxc5 23. Qxd3 Ne7 24. Rb1 a4 25. hxg6 Bxg2 26. Kxg2 Rb3 27. Qe4 Nf5 28. gxh7
Rg3+
0-1

[Event "Konnerud Tempo høstturnering 2022"]
[Site "Malmveien 15"]
[Date "2022.08.17"]
[Round "5"]
[White "Taksrud, Vidar"]
[Black "Skogli, Pål"]
[Result "1-0"]
[WhiteElo "1890"]
[BlackElo "1772"]
[PlyCount "95"]
[EventDate "2022.??.??"]

1. d4 d5 2. Nf3 e6 3. g3 c5 4. Bg2 Nc6 5. O-O Nf6 6. c4 cxd4 7. cxd5 Qxd5 8.
Nxd4 Qc5 9. Nxc6 bxc6 10. Be3 Qb5 11. Nc3 Qa6 12. Qc2 Nd5 13. Bd4 Qc4 14. Rfd1
Bb7 15. b3 Qa6 16. Na4 c5 17. Nxc5 Rc8 18. Nxa6 Rxc2 19. Be4 Rc6 20. Nb8 Rc8
21. Bxa7 Bd6 22. Rac1 Ke7 23. Bxd5 exd5 24. Rxc8 Rxc8 25. Rd4 Rc1+ 26. Kg2 Rc2
27. e3 Rxa2 28. Ra4 Rxa4 29. bxa4 Kd8 30. a5 Kc8 31. a6 Ba8 32. Bd4 Bxb8 33.
Bxg7 Kd7 34. Bd4 Kc6 35. Kf3 f5 36. h3 Bd6 37. g4 fxg4+ 38. hxg4 Bc5 39. Kf4
Kb6 40. Bxc5+ Kxc5 41. Ke5 Kc4 42. f4 Kd3 43. f5 Kxe3 44. f6 d4 45. f7 d3 46.
f8=Q d2 47. Qxa8 d1=Q 48. Qe4+
1-0

[Event "Konnerud Tempo høstturnering 2022"]
[Site "Malmveien 15"]
[Date "2022.08.17"]
[Round "6"]
[White "Hellenes, André Tsolis"]
[Black "Lundstad, Andreas"]
[Result "0-1"]
[WhiteElo "1678"]
[BlackElo "1596"]
[PlyCount "82"]
[EventDate "2022.??.??"]

1. d4 Nf6 2. c4 c5 3. Nf3 cxd4 4. Nxd4 g6 5. Nc3 Bg7 6. e4 d6 7. Be2 O-O 8. O-O
Nbd7 9. Be3 Nc5 10. f3 a6 11. Qd2 Qc7 12. Rac1 b6 13. Nd5 Qb7 14. b4 Nxd5 15.
cxd5 Nd7 16. Qc2 a5 17. a3 Kh8 18. Qc7 axb4 19. Qxb7 Bxb7 20. Rc7 bxa3 21. Rxd7
Ba6 22. Bxa6 Rxa6 23. Nb3 a2 24. Na1 Rb8 25. Rc7 b5 26. Rd1 Ra4 27. Kf2 Bf6 28.
Ke2 Kg7 29. Ba7 Ra8 30. Be3 Rb4 31. Rcc1 Rb2+ 32. Kf1 b4 33. Bd4 Bxd4 34. Rxd4
Ra3 35. Rdd1 Re3 36. Rc2 Rb1 37. Rcc1 Rb2 38. Rc2 Rb1 39. Rcc1 Rxc1 40. Rxc1 b3
41. Nxb3 Rxb3
0-1

[Event "Konnerud Tempo høstturnering 2022"]
[Site "Malmveien 15"]
[Date "2022.08.17"]
[Round "6"]
[White "Ivanov, Dmitry N"]
[Black "Rørvik, Jon Fredrik"]
[Result "1-0"]
[WhiteElo "2138"]
[BlackElo "2129"]
[PlyCount "83"]
[EventDate "2022.??.??"]

1. e4 e5 2. Nf3 Nc6 3. d4 exd4 4. Nxd4 Nf6 5. Nxc6 bxc6 6. Bd3 d5 7. exd5 cxd5
8. O-O Be7 9. c4 d4 10. Nd2 O-O 11. Ne4 Bb7 12. Nxf6+ Bxf6 13. b4 Re8 14. Bf4
Qd7 15. h3 Re7 16. Qg4 Qxg4 17. hxg4 h6 18. Rfe1 Rae8 19. Rxe7 Rxe7 20. f3 Kf8
21. Kf1 Be5 22. Bxe5 Rxe5 23. Rd1 Ke7 24. Be2 c5 25. bxc5 Rxc5 26. Rxd4 Ra5 27.
Rd2 Ba6 28. Kf2 Rc5 29. Rc2 Re5 30. Bd3 Kd7 31. f4 Re8 32. Rc3 Kc7 33. Ra3 Kb7
34. Kf3 Rc8 35. Ra4 Rc5 36. Ke3 Kb6 37. Kd4 Bc8 38. Rxa7 Rxc4+ 39. Bxc4 Kxa7
40. g5 f6 41. gxh6 gxh6 42. Kc5
1-0

[Event "Konnerud Tempo høstturnering 2022"]
[Site "Malmveien 15"]
[Date "2022.08.17"]
[Round "6"]
[White "Kierulf, Villum Brevick"]
[Black "Sørjordet, Anders"]
[Result "1/2-1/2"]
[WhiteElo "1631"]
[BlackElo "1718"]
[PlyCount "120"]
[EventDate "2022.??.??"]

1. c4 e6 2. Nc3 Nf6 3. Nf3 d5 4. e3 c5 5. Qb3 Nc6 6. cxd5 exd5 7. Bb5 Be7 8. d4
O-O 9. O-O cxd4 10. exd4 a6 11. Bxc6 bxc6 12. Ne5 Qc7 13. Bf4 Bd6 14. Rac1 Rb8
15. Qc2 Be6 16. Qe2 Rb4 17. Rfd1 Rfb8 18. b3 c5 19. dxc5 Rxf4 20. cxd6 Qxd6 21.
Nc4 Qd8 22. Qd2 Rf5 23. Ne3 Rh5 24. Qe2 Qd6 25. g3 Qe5 26. f4 Qd6 27. f5 Bxf5
28. Ncxd5 Rg5 29. Nxf5 Qf8 30. Nxf6+ gxf6 31. Ne7+ Kg7 32. Nd5 Qd6 33. Nf4 Qxf4
34. Rc4 Qf5 35. Rf1 Qe5 36. Qf2 Re8 37. Rc6 Re6 38. Rxe6 Qxe6 39. Re1 Re5 40.
Rxe5 fxe5 41. Qe3 h6 42. a4 f5 43. b4 Kg6 44. a5 Qc4 45. Qxe5 Qc1+ 46. Kg2 Qd2+
47. Kh3 Qxb4 48. Qe8+ Kg5 49. Qg8+ Kh5 50. Qe8+ Kg5 51. Qe3+ Kh5 52. Qe2+ Qg4+
53. Qxg4+ fxg4+ 54. Kg2 Kg5 55. h3 Kf5 56. hxg4+ Kxg4 57. Kh2 h5 58. Kg2 Kf5
59. Kg1 Ke4 60. Kh2 Kf5
1/2-1/2

[Event "Konnerud Tempo høstturnering 2022"]
[Site "Malmveien 15"]
[Date "2022.08.17"]
[Round "6"]
[White "Aure, Anders Nilsson"]
[Black "Lurdalen, Svein Erik"]
[Result "1/2-1/2"]
[WhiteElo "1802"]
[BlackElo "1781"]
[PlyCount "125"]
[EventDate "2022.??.??"]

1. c4 e5 2. Nc3 Nc6 3. g3 f5 4. Bg2 Nf6 5. e3 Bb4 6. Nge2 O-O 7. O-O Bxc3 8.
Nxc3 d6 9. d4 e4 10. f3 exf3 11. Bxf3 Ne7 12. e4 fxe4 13. Nxe4 Bh3 14. Nxf6+
Rxf6 15. Bg2 Rxf1+ 16. Qxf1 Bxg2 17. Qxg2 c6 18. Bg5 Qd7 19. Re1 Ng6 20. Qe4
Rf8 21. Qe6+ Rf7 22. Qe8+ Nf8 23. Qxd7 Rxd7 24. Kg2 h6 25. Bd2 d5 26. cxd5 Rxd5
27. Bc3 Rd7 28. Kf3 Nh7 29. Re5 Nf6 30. Ra5 a6 31. Re5 Kf7 32. g4 Nd5 33. g5 h5
34. h4 Kg6 35. Re6+ Kf7 36. Re5 Re7 37. Rxe7+ Kxe7 38. Ke4 Ke6 39. Be1 g6 40.
a4 b5 41. a5 Ne7 42. b4 Nf5 43. Bf2 Nd6+ 44. Kd3 Kd5 45. Bg3 Nf5 46. Bf2 Ke6
47. Be1 Kd5 48. Bf2 Nd6 49. Bg3 Nf5 50. Bf2 Ng7 51. Bg3 Ne6 52. Be5 Nd8 53. Bc7
Nf7 54. Bg3 Nd6 55. Bxd6 Kxd6 56. Ke3 Ke6 57. Kd3 Kd6 58. Ke3 Ke7 59. Kf4 Kd6
60. Ke3 Kd5 61. Kd3 Kd6 62. Ke3 Kd5 63. Kd3
1/2-1/2

[Event "Konnerud Tempo høstturnering 2022"]
[Site "Malmveien 15"]
[Date "2022.08.17"]
[Round "6"]
[White "Simula, Leon"]
[Black "Taksrud, Vidar"]
[Result "1-0"]
[WhiteElo "2140"]
[BlackElo "1890"]
[PlyCount "87"]
[EventDate "2022.??.??"]

1. d4 Nf6 2. c4 e6 3. Nc3 c5 4. d5 exd5 5. cxd5 d6 6. e4 g6 7. f4 Bg7 8. Bb5+
Bd7 9. e5 dxe5 10. fxe5 Qe7 11. Nf3 O-O 12. O-O Ne8 13. Re1 Bxb5 14. Nxb5 Qd7
15. Nc3 Na6 16. Bg5 Nec7 17. Qd2 Nb4 18. Rad1 Rfe8 19. a3 Nba6 20. Bh6 Bh8 21.
d6 Ne6 22. Nd5 Rad8 23. Ng5 Nd4 24. Ne4 Re6 25. Bg5 Bxe5 26. Nef6+ Bxf6 27.
Nxf6+ Rxf6 28. Bxf6 Qxd6 29. Bxd8 Qxd8 30. b4 b6 31. bxc5 bxc5 32. Qe3 Qb6 33.
Qe8+ Kg7 34. Re7 Qf6 35. Rf1 Nf5 36. Rxa7 c4 37. Ra8 Qd4+ 38. Kh1 Qd3 39. Qg8+
Kf6 40. Rxa6+ Kg5 41. Rg1 c3 42. Rc6 h5 43. Qxf7 Ne3 44. Qf6+
1-0

[Event "Konnerud Tempo høstturnering 2022"]
[Site "Malmveien 15"]
[Date "2022.08.17"]
[Round "6"]
[White "Eriksen, Dag"]
[Black "Skogli, Pål"]
[Result "0-1"]
[WhiteElo "1626"]
[BlackElo "1772"]
[PlyCount "30"]
[EventDate "2022.??.??"]

1. e4 e5 2. Nf3 Nf6 3. Nxe5 Nxe4 4. Qe2 Qe7 5. Qxe4 d6 6. d4 dxe5 7. Qxe5 Qxe5+
8. dxe5 Nc6 9. Bb5 Bd7 10. Bxc6 Bxc6 11. O-O O-O-O 12. Nd2 g5 13. Re1 g4 14.
Nc4 Rg8 15. Bf4 Rd4
0-1

[Event "Konnerud Tempo høstturnering 2022"]
[Site "Malmveien 15"]
[Date "2022.08.17"]
[Round "7"]
[White "Lurdalen, Svein Erik"]
[Black "Hellenes, André Tsolis"]
[Result "1-0"]
[WhiteElo "1781"]
[BlackElo "1678"]
[PlyCount "71"]
[EventDate "2022.??.??"]

1. e4 c6 2. f4 d5 3. e5 Bf5 4. d3 c5 5. c3 Nc6 6. Na3 e6 7. Nc2 Nge7 8. Nf3 h6
9. Be2 Bh7 10. O-O Nf5 11. Kh1 Be7 12. Qe1 Nh4 13. Qd2 Nxf3 14. Rxf3 Qc7 15. a4
f6 16. Rg3 Rg8 17. Bh5+ g6 18. exf6 Bxf6 19. Qe3 Qd6 20. Bg4 Kd7 21. Na3 a6 22.
Qf2 Rae8 23. Be3 Bh4 24. Bxc5 Bxg3 25. hxg3 Qc7 26. Rd1 Kc8 27. Re1 Qf7 28. b4
g5 29. b5 Nd8 30. bxa6 bxa6 31. Bd6 Nb7 32. Qb6 Bf5 33. Qxa6 Rg7 34. Qa8+ Kd7
35. Qxb7+ Kxd6 36. Nb5+
1-0

[Event "Konnerud Tempo høstturnering 2022"]
[Site "Malmveien 15"]
[Date "2022.08.17"]
[Round "7"]
[White "Lundstad, Andreas"]
[Black "Ivanov, Dmitry N"]
[Result "0-1"]
[WhiteElo "1596"]
[BlackElo "2138"]
[PlyCount "56"]
[EventDate "2022.??.??"]

1. e4 d5 2. exd5 Qxd5 3. Nc3 Qa5 4. b4 Qxb4 5. Nb5 Na6 6. Ba3 Qe4+ 7. Ne2 e5 8.
Nbc3 Qg6 9. Bxf8 Kxf8 10. d4 Nb4 11. Rc1 Bf5 12. dxe5 Nxc2+ 13. Rxc2 Bxc2 14.
Qd5 c6 15. Qc5+ Ne7 16. g3 b6 17. Qd4 Qd3 18. Bg2 Rd8 19. Qxd3 Bxd3 20. O-O
Bxe2 21. Nxe2 h5 22. Rc1 Rh6 23. Nf4 Rd4 24. h4 c5 25. Bf3 Ng6 26. Ne2 Rd2 27.
Nf4 Nxe5 28. Bxh5 Nd3
0-1

[Event "Konnerud Tempo høstturnering 2022"]
[Site "Malmveien 15"]
[Date "2022.08.17"]
[Round "7"]
[White "Rørvik, Jon Fredrik"]
[Black "Kierulf, Villum Brevick"]
[Result "1-0"]
[WhiteElo "2129"]
[BlackElo "1631"]
[PlyCount "67"]
[EventDate "2022.??.??"]

1. c4 e5 2. g3 Nc6 3. Bg2 f5 4. a3 a5 5. Nc3 Nf6 6. e3 Bc5 7. Nge2 d6 8. b3 O-O
9. O-O Qe8 10. d4 Bb6 11. Rb1 Ne7 12. Bb2 g5 13. Na4 Ng6 14. Nxb6 cxb6 15. Nc3
h5 16. Nd5 h4 17. Nc7 Qe7 18. Nxa8 f4 19. Nxb6 hxg3 20. Nxc8 gxh2+ 21. Kh1 Rxc8
22. dxe5 dxe5 23. exf4 Nxf4 24. Qf3 e4 25. Qg3 N6h5 26. Qg4 Rc6 27. Rbd1 Rh6
28. Qc8+ Kf7 29. Rd7 Nd3 30. Rxe7+ Kxe7 31. Qxb7+ Kf8 32. Qc8+ Ke7 33. Qc7+ Ke8
34. Bd4
1-0

[Event "Konnerud Tempo høstturnering 2022"]
[Site "Malmveien 15"]
[Date "2022.08.17"]
[Round "7"]
[White "Sørjordet, Anders"]
[Black "Eriksen, Dag"]
[Result "0-1"]
[WhiteElo "1718"]
[BlackElo "1626"]
[PlyCount "136"]
[EventDate "2022.??.??"]

1. d4 Nf6 2. Nf3 e6 3. g3 d5 4. Bg2 c5 5. O-O Nc6 6. c4 cxd4 7. Nxd4 Bc5 8. e3
O-O 9. Nc3 Bxd4 10. exd4 dxc4 11. Be3 Qa5 12. Qa4 Qxa4 13. Nxa4 Nd5 14. a3 Na5
15. Rac1 Bd7 16. Nc5 Bc6 17. Rfd1 b6 18. Ne4 Rfd8 19. Bd2 Ba4 20. Re1 Nb3 21.
Rxc4 Bb5 22. Rc2 Nxd4 23. Rcc1 Ne2+ 24. Rxe2 Bxe2 25. Nc3 Bc4 26. Bg5 f6 27.
Nxd5 Bxd5 28. Bxd5 Rxd5 29. Be3 Rad8 30. Rc7 R8d7 31. Rc8+ Kf7 32. h4 Rd1+ 33.
Kg2 Rb1 34. Rc2 e5 35. Bd2 Rd5 36. Rc7+ Kg6 37. Bc3 a5 38. Rc6 Rb5 39. Kf3
R1xb2 40. Bxb2 Rxb2 41. a4 h5 42. Rc7 Rb3+ 43. Ke2 Rb4 44. Rb7 Kf5 45. Ke3 g6
46. Rb8 Rb3+ 47. Ke2 Rb4 48. Ke3 Kg4 49. Ke2 g5 50. hxg5 fxg5 51. Rb7 Kf5 52.
Ke3 h4 53. gxh4 Rb3+ 54. Ke2 gxh4 55. Kf1 h3 56. Kg1 Ke4 57. Rh7 Kd5 58. Kh2
Kc5 59. Re7 Kd6 60. Rb7 Kc5 61. Re7 Kb4 62. Rxe5 Kxa4 63. Re3 Rxe3 64. fxe3 Kb5
65. Kxh3 Kc5 66. Kg4 a4 67. e4 a3 68. e5 a2
0-1

[Event "Konnerud Tempo høstturnering 2022"]
[Site "Malmveien 15"]
[Date "2022.08.17"]
[Round "7"]
[White "Taksrud, Vidar"]
[Black "Aure, Anders Nilsson"]
[Result "0-1"]
[WhiteElo "1890"]
[BlackElo "1802"]
[PlyCount "94"]
[EventDate "2022.??.??"]

1. d4 Nf6 2. c4 e5 3. dxe5 Ng4 4. e4 Nxe5 5. f4 Bb4+ 6. Nc3 Bxc3+ 7. bxc3 Ng6
8. Nf3 d6 9. Be2 Qf6 10. Qd4 Nc6 11. Qxf6 gxf6 12. f5 Nge5 13. O-O Nxf3+ 14.
Rxf3 Ne5 15. Rg3 Bd7 16. Bh6 Ke7 17. Rf1 Rhg8 18. Rxg8 Rxg8 19. Rf4 Bc6 20. g4
Nd7 21. h4 Nc5 22. Kf2 Nxe4+ 23. Ke3 Nxc3 24. Bd3 Nxa2 25. g5 Nb4 26. Bb1 Ba4
27. Re4+ Kd7 28. Kd2 Bc6 29. Rg4 Bf3 30. Rg3 Bh5 31. Be4 b6 32. Re3 Nc6 33.
gxf6 Ne5 34. Kc3 Rg4 35. Bg5 c6 36. Kd4 a5 37. Kc3 Nxc4 38. Re1 Ne5 39. Bc2 b5
40. Bb3 Rg3+ 41. Kc2 a4 42. Ba2 b4 43. Bxf7 Bxf7 44. Bf4 Rg2+ 45. Kb1 a3 46.
Bxe5 dxe5 47. Rxe5 a2+
0-1

[Event "Konnerud Tempo høstturnering 2022"]
[Site "Malmveien 15"]
[Date "2022.08.17"]
[Round "7"]
[White "Skogli, Pål"]
[Black "Simula, Leon"]
[Result "0-1"]
[WhiteElo "1772"]
[BlackElo "2140"]
[PlyCount "70"]
[EventDate "2022.??.??"]

1. e4 c5 2. d4 cxd4 3. c3 dxc3 4. Nxc3 Nc6 5. Nf3 d6 6. Bc4 a6 7. O-O Nf6 8.
Qe2 Bg4 9. Rd1 e6 10. Bf4 Qb8 11. h3 Bxf3 12. Qxf3 Be7 13. Rac1 O-O 14. g4 Nd7
15. Qg3 Nde5 16. Be2 b5 17. b3 Rc8 18. Be3 Nd7 19. f4 Nc5 20. Bf3 b4 21. Ne2
Qb5 22. Bxc5 dxc5 23. e5 Ra7 24. Rc4 Na5 25. Rc2 Rd7 26. Rdc1 c4 27. Be4 c3 28.
f5 Bg5 29. f6 Bxc1 30. Bxh7+ Kxh7 31. Qh4+ Kg8 32. fxg7 Rd1+ 33. Kf2 Qc5+ 34.
Kg2 Qd5+ 35. Kf2 Be3+
0-1

[Event "Konnerud Tempo høstturnering 2022"]
[Site "Malmveien 15"]
[Date "2022.08.17"]
[Round "8"]
[White "Hellenes, André Tsolis"]
[Black "Taksrud, Vidar"]
[Result "0-1"]
[WhiteElo "1678"]
[BlackElo "1890"]
[PlyCount "68"]
[EventDate "2022.??.??"]

1. d4 Nf6 2. c4 e6 3. Nc3 c5 4. Nf3 cxd4 5. Nxd4 Nc6 6. Ndb5 d6 7. Bg5 a6 8.
Bxf6 gxf6 9. Na3 d5 10. cxd5 Bxa3 11. bxa3 Qa5 12. Qd2 Ne7 13. d6 Nd5 14. Nxd5
Qxd2+ 15. Kxd2 exd5 16. g3 Be6 17. Rc1 Kd7 18. Rc7+ Kxd6 19. Rxb7 Rhb8 20. Rxb8
Rxb8 21. Kc3 Rc8+ 22. Kb2 Bf5 23. e3 Be4 24. Rg1 Rc2+ 25. Kb3 Rc1 26. Kb2 Rb1+
27. Kc3 a5 28. h4 h6 29. g4 Kc5 30. f4 Rd1 31. g5 fxg5 32. fxg5 hxg5 33. hxg5
Bd3 34. Bxd3 Rxg1
0-1

[Event "Konnerud Tempo høstturnering 2022"]
[Site "Malmveien 15"]
[Date "2022.08.17"]
[Round "8"]
[White "Ivanov, Dmitry N"]
[Black "Lurdalen, Svein Erik"]
[Result "1-0"]
[WhiteElo "2138"]
[BlackElo "1781"]
[PlyCount "97"]
[EventDate "2022.??.??"]

1. e4 e5 2. Nf3 Nc6 3. d4 exd4 4. Nxd4 Bc5 5. Nxc6 Qf6 6. Qf3 Qxf3 7. gxf3 bxc6
8. Be3 Bb6 9. c4 Bxe3 10. fxe3 Ne7 11. Nc3 d6 12. O-O-O Ng6 13. f4 Bb7 14. c5
Ke7 15. h4 Rad8 16. Be2 Nf8 17. Rd4 a5 18. Bg4 Ne6 19. Bxe6 fxe6 20. Rg1 Rhg8
21. Rg5 d5 22. e5 Ra8 23. Ra4 h6 24. Rg6 Kf7 25. h5 Rgb8 26. Ne2 Bc8 27. Nd4
Bd7 28. Ra3 Rb4 29. Rc3 a4 30. Rc2 Rc4 31. Rxc4 dxc4 32. Kc2 Ra5 33. f5 Rxc5
34. fxe6+ Bxe6 35. Rxe6 Rd5 36. Rxc6 Rxe5 37. Rxc7+ Kf6 38. Rc6+ Kf7 39. Rxc4
Rxh5 40. Rxa4 Re5 41. Kd3 g5 42. e4 g4 43. Nf5 h5 44. Ke3 Rc5 45. Ra7+ Kg6 46.
Kf4 Rc2 47. Rg7+ Kf6 48. e5+ Ke6 49. Nd4+
1-0

[Event "Konnerud Tempo høstturnering 2022"]
[Site "Malmveien 15"]
[Date "2022.08.17"]
[Round "8"]
[White "Kierulf, Villum Brevick"]
[Black "Lundstad, Andreas"]
[Result "1-0"]
[WhiteElo "1631"]
[BlackElo "1596"]
[PlyCount "73"]
[EventDate "2022.??.??"]

1. d4 Nf6 2. c4 c5 3. d5 e6 4. Nc3 exd5 5. cxd5 d6 6. e4 g6 7. f4 a6 8. e5 Nfd7
9. Qa4 Bg7 10. Ne4 dxe5 11. Nd6+ Kf8 12. Qc4 b5 13. Qc2 c4 14. Qf2 f5 15. g4 e4
16. gxf5 Nf6 17. Qc5 Nbd7 18. Qa3 Nxd5 19. Bxc4 b4 20. Qb3 Nc5 21. Qd1 Qxd6 22.
Qxd5 Qxd5 23. Bxd5 Ra7 24. fxg6 Rd7 25. Bc4 Rd4 26. Be2 Bb7 27. Be3 Nd3+ 28.
Bxd3 Rxd3 29. Kf2 Bxb2 30. Rb1 Bc3 31. Ne2 hxg6 32. Nxc3 Rxc3 33. Rxb4 Rh3 34.
Bd4 Rhf3+ 35. Ke2 Rc2+ 36. Kd1 Rxa2 37. Be5
1-0

[Event "Konnerud Tempo høstturnering 2022"]
[Site "Malmveien 15"]
[Date "2022.08.17"]
[Round "8"]
[White "Sørjordet, Anders"]
[Black "Rørvik, Jon Fredrik"]
[Result "0-1"]
[WhiteElo "1718"]
[BlackElo "2129"]
[PlyCount "96"]
[EventDate "2022.??.??"]

1. d4 d5 2. Nf3 e6 3. g3 Nf6 4. Bg2 c6 5. O-O Nbd7 6. c4 Be7 7. Qc2 O-O 8. a4
Ne4 9. Nc3 f5 10. Nd2 Bf6 11. e3 Qe7 12. c5 e5 13. f3 exd4 14. Ncxe4 fxe4 15.
fxe4 dxe3 16. Nb3 d4 17. Rd1 Ne5 18. Nxd4 Bg4 19. Re1 e2 20. Be3 Rad8 21. Kh1
Kh8 22. Nxe2 Nd3 23. Rf1 Bxe2 24. Qxe2 Nxb2 25. Ra3 Qe6 26. Bf4 Nc4 27. Rd3 Ne5
28. Rxd8 Rxd8 29. Rb1 Qe7 30. h3 Rd7 31. Qc2 h6 32. Kh2 Qe6 33. Rd1 Rxd1 34.
Qxd1 Be7 35. Qd4 Nf7 36. h4 Bf6 37. Qd2 Ne5 38. Bxe5 Bxe5 39. Bh3 Qe7 40. Bf5
Qxh4+ 41. Kg1 Qxg3+ 42. Kf1 Qf4+ 43. Qxf4 Bxf4 44. Bc8 b6 45. Bb7 bxc5 46. Bxc6
g5 47. Kf2 Kg7 48. Kf3 Kf6
0-1

[Event "Konnerud Tempo høstturnering 2022"]
[Site "Malmveien 15"]
[Date "2022.08.17"]
[Round "8"]
[White "Aure, Anders Nilsson"]
[Black "Skogli, Pål"]
[Result "1-0"]
[WhiteElo "1802"]
[BlackElo "1772"]
[PlyCount "71"]
[EventDate "2022.??.??"]

1. c4 e5 2. Nc3 Nf6 3. g3 Nc6 4. Bg2 d6 5. Nf3 h6 6. d3 Be6 7. O-O g5 8. h4
gxh4 9. Nxh4 Qd7 10. Nd5 Bg7 11. Re1 Bxd5 12. cxd5 Ne7 13. e4 a6 14. b4 a5 15.
Rb1 b6 16. b5 O-O 17. a4 Qg4 18. Qc2 Qd7 19. Bd2 Kh7 20. d4 Ng6 21. Nf5 Rg8 22.
Rbc1 Ra7 23. dxe5 dxe5 24. Qc6 Qd8 25. Nxg7 Kxg7 26. Rc2 Ne8 27. Qc3 Qf6 28.
Bf3 Rh8 29. Kg2 Ne7 30. Rh1 Ng8 31. Qe3 Ne7 32. Bg4 Nd6 33. Rhc1 h5 34. Bd7 Qg6
35. f3 h4 36. Qg5
1-0

[Event "Konnerud Tempo høstturnering 2022"]
[Site "Malmveien 15"]
[Date "2022.08.17"]
[Round "8"]
[White "Eriksen, Dag"]
[Black "Simula, Leon"]
[Result "0-1"]
[WhiteElo "1626"]
[BlackElo "2140"]
[PlyCount "36"]
[EventDate "2022.??.??"]

1. e4 c5 2. Nf3 e6 3. d4 cxd4 4. Nxd4 Nf6 5. Bd3 Nc6 6. Nxc6 bxc6 7. O-O d5 8.
exd5 cxd5 9. Qe2 Be7 10. Nc3 O-O 11. Bf4 Qb6 12. Be5 Nd7 13. Bg3 Bb7 14. Rab1
Nc5 15. Bb5 a6 16. Ba4 d4 17. b4 Nxa4 18. Nxa4 Qc6
0-1

[Event "Konnerud Tempo høstturnering 2022"]
[Site "Malmveien 15"]
[Date "2022.08.17"]
[Round "9"]
[White "Taksrud, Vidar"]
[Black "Ivanov, Dmitry N"]
[Result "0-1"]
[WhiteElo "1890"]
[BlackElo "2138"]
[PlyCount "76"]
[EventDate "2022.??.??"]

1. Nc3 d5 2. e4 dxe4 3. Nxe4 Nf6 4. Ng3 e5 5. Nf3 Bd6 6. Bc4 Nc6 7. O-O O-O 8.
Re1 h6 9. c3 Re8 10. a4 e4 11. Nh4 Ne5 12. Bb5 c6 13. d4 exd3 14. Bxd3 Nxd3 15.
Rxe8+ Nxe8 16. Qxd3 Qxh4 17. Bd2 Be6 18. f4 Bc5+ 19. Kh1 Rd8 20. Qe2 Nf6 21.
Be1 Qxf4 22. b4 Bc4 23. Qf3 Qxf3 24. gxf3 Be3 25. Nf5 Bf4 26. Bf2 g6 27. Bd4
gxf5 28. Bxf6 Rd6 29. Rg1+ Kf8 30. Bd4 Rg6 31. Bc5+ Kg8 32. Rd1 Bd5 33. Rd3 b6
34. Bf2 Kh7 35. c4 Be6 36. c5 bxc5 37. Bxc5 a6 38. Rd4 Be3
0-1

[Event "Konnerud Tempo høstturnering 2022"]
[Site "Malmveien 15"]
[Date "2022.08.17"]
[Round "9"]
[White "Lurdalen, Svein Erik"]
[Black "Kierulf, Villum Brevick"]
[Result "1-0"]
[WhiteElo "1781"]
[BlackElo "1631"]
[PlyCount "93"]
[EventDate "2022.??.??"]

1. e4 c5 2. Nc3 e6 3. g3 Ne7 4. Bg2 Nbc6 5. d3 d5 6. Bg5 d4 7. Nce2 f6 8. Bd2 e5 9. f4 Be6 10. Nf3 Qb6 11. b3 O-O-O 12. O-O h6 13. a3 exf4 14. Nxf4 Ne5 15. b4 c4 16. Nxe5 fxe5 17. Nxe6 Qxe6 18. Qh5 Kb8 19. Bh3 Qd6 20. dxc4 Ng8 21. c5 Nf6 22. Qg6 Qc6 23. Bg2 b6 24. Rab1 Ka8 25. Rf5 Qc7 26. Rxe5 Qxe5 27. Bf4 Qe7 28. e5+ Nd5 29. cxb6 axb6 30. Qxb6 g5 31. b5 Bg7 32. Rb4 Qa7 33. Qe6 d3+ 34. b6 Qb7 35. Be3 dxc2 36. Ra4+ Kb8 37. Rc4 Rhe8 38. Qg6 Bxe5 39. Bf2 Rc8 40. Rxc2 Rxc2 41. Qxe8+ Qc8 42. Qxe5+ Nc7 43. bxc7+ Qxc7 44. Qe8+ Qc8 45. Qb5+ Kc7 46. Qb6+ Kd7 47. Bh3+
1-0